Manchester United Squad 2026 - Statistics

General Stats
  • This quiz has been taken 43 times
    41 since last reset
  • The average score is 22 of 26
Answer Stats
Nation Age Position Answer % Correct
Portugal 26 RB Diogo Dalot
100%
Slovenia 22 ST Benjamin Sesko
97%
Portugal 31 CAM Bruno Fernandes
97%
Cameroon 26 RW Bryan Mbeumo
97%
France 20 CB Leny Yoro
97%
Argentina 27 CB Lisandro Martinez
97%
Netherlands 26 CB Matthijs de Ligt
97%
Brazil 33 CDM Casemiro
95%
England 32 CB Harry Maguire
95%
Ivory Coast 23 RW Amad Diallo
92%
Uruguay 24 CDM Manuel Ugarte
92%
Brazil 26 ST Matheus Cunha
92%
Belgium 23 GK Senne Lammens
92%
England 20 CM Kobbie Mainoo
89%
England 30 LB Luke Shaw
89%
Morocco 28 RB Noussair Mazraoui
89%
Denmark 21 LB Patrick Dorgu
86%
Turkey 27 GK Altay Bayindir
84%
England 39 GK Tom Heaton
84%
England 19 CB Ayden Heaven
81%
Netherlands 24 ST Joshua Zirkzee
76%
England 26 CAM Mason Mount
76%
Netherlands 26 LB Tyrell Malacia
76%
Paraguay 18 LB Diego Leon
51%
Denmark 18 ST Chido Obi
46%
England 20 CB Tyler Fredricson
32%
No matching quizzes found
Score Distribution
Percent of People with Each Score
Percentile by Number Answered
Your Score History
You have not taken this quiz since the last reset